The usborne introduction to the second World War / (Record no. 5743)

MARC details
000 -LEADER
fixed length control field 00945nam a22003017a 4500
001 - CONTROL NUMBER
control field 5743
003 - CONTROL NUMBER IDENTIFIER
control field FISKH
005 - DATE AND TIME OF LATEST TRANSACTION
control field 20250117103455.0
008 - FIXED-LENGTH DATA ELEMENTS--GENERAL INFORMATION
fixed length control field 250117b cb ||||| |||| 00| 0 eng d
020 ## - INTERNATIONAL STANDARD BOOK NUMBER
International Standard Book Number 9780439812962
040 ## - CATALOGING SOURCE
Original cataloging agency FISKH
Language of cataloging eng
Transcribing agency FISKH
Modifying agency FISKH
050 ## - LIBRARY OF CONGRESS CALL NUMBER
Classification number D743.7
082 ## - DEWEY DECIMAL CLASSIFICATION NUMBER
Classification number 940.53
100 ## - MAIN ENTRY--PERSONAL NAME
Personal name Dowswell, Paul
245 ## - TITLE STATEMENT
Title The usborne introduction to the second World War /
Statement of responsibility, etc. by Paul Dowswell
250 ## - EDITION STATEMENT
Edition statement First Scholastic printing, September 2005
260 ## - PUBLICATION, DISTRIBUTION, ETC.
Place of publication, distribution, etc. London :
Name of publisher, distributor, etc. Usborne Publishing Ltd ;
Date of publication, distribution, etc. 2005.
300 ## - PHYSICAL DESCRIPTION
Extent 128 pages :
Other physical details color illustrations ;
Dimensions 28 cm .
490 ## - SERIES STATEMENT
Series statement Usborne Introductions
505 ## - FORMATTED CONTENTS NOTE
Formatted contents note Z <br/>
520 ## - SUMMARY, ETC.
Summary, etc. Illustrated account of the major events associated with the Second World War.
521 8# - TARGET AUDIENCE NOTE
Target audience note 1120 <br/>
Source Lexile <br/>
521 8# - TARGET AUDIENCE NOTE
Target audience note Z <br/>
Source Raz-Plus <br/>
650 ## - SUBJECT ADDED ENTRY--TOPICAL TERM
Topical term or geographic name entry element world history
Form subdivision non-fiction
700 ## - ADDED ENTRY--PERSONAL NAME
Personal name Rolland, Leonard Le
Relator term designer
942 ## - ADDED ENTRY ELEMENTS (KOHA)
Source of classification or shelving scheme Dewey Decimal Classification
Koha item type Books
Suppress in OPAC No
Holdings
Withdrawn status Lost status Source of classification or shelving scheme Damaged status Not for loan Collection Home library Current library Shelving location Date acquired Total Checkouts Full call number Barcode Date last seen Price effective from Koha item type
    Dewey Decimal Classification     Non-Fiction Footprints International School Library Network Toul Kork Campus Footprints International School Library Network Toul Kork Campus TTP Secondary Non-Fiction Bookshelves 01/17/2025   DOW 940.53 D743.7 FISSE01026 01/17/2025 01/17/2025 Books